00862nam a2200193Ia 4500003000900000008004100009040001600050080001900066111009200085245024400177260006100421300001700482490003800499650002100537650001100558700002500569700002600594710004800620IN-BaIIA211028s9999 xx 000 0 eng d cIIA Library a524.6-36bNASA aMeeting on Carbon in the Galaxy-Studies from Earth and SpacecCaliforniad1987 Nov. 5-6 0aCarbon in the galaxy-studies from earth and spacebInvited papers from a meeting held in Moffett Field, California, November 5-6, 1987cedited by Jill C. Tarter, Sherwood Chang and Doug J. Defrees  aUSAbNational Aeronautics and Space Administrationc1990 axviii, 343p. aNASA conference publication; 3061 aCarbon compounds aGalaxy aChang, Sherwood, ed. aDefrees, Doug J., ed. aNational Aeronautics Space Administration